000 01147nam a2200241Ia 4500
999 _c55250
_d55250
001 22326
003 GE_BSU
005 20221005114532.0
008 181216s2017||||ge |||||||||||||| ||geo||
020 _a9789941924484
040 _cGE_BSU
041 _ageo
080 _a371.12.011(092) ბ-92
100 _aბერიძე, ეთერ
_95671
245 _aლევან ბერიძე (100) :
_b[აჭარის დამსახურებული მასწავლებელი] /
_cეთერ ბერიძე ; რედაქტორი რამაზ სურმანიძე.
264 _aბათუმი :
_bლაზარე+,
_c2017.
300 _a228 გვ. :
_bფოტ. ;
_c21 .სმ.
653 _aქართველი პედაგოგები
653 _aცნობილ ქართველ ადამიანთა ბიოგრაფიები
653 _aქართული მემუარული ლიტერატურა
700 _aსურმანიძე, რამაზ
_eრედაქტორი
_915054
942 _cBK
_2udc